Materials science for engineering students / (Record no. 33557)

000 -LEADER
fixed length control field 01215cam a2200313 a 4500
001 - CONTROL NUMBER
control field 15456453
003 - CONTROL NUMBER IDENTIFIER
control field OSt
005 - DATE AND TIME OF LATEST TRANSACTION
control field 20211004112736.0
008 - FIXED-LENGTH DATA ELEMENTS--GENERAL INFORMATION
fixed length control field 080918s2009 ne a b 001 0 eng
010 ## - LIBRARY OF CONGRESS CONTROL NUMBER
LC control number 2008041352
020 ## - INTERNATIONAL STANDARD BOOK NUMBER
International Standard Book Number 9788131223215
035 ## - SYSTEM CONTROL NUMBER
System control number (OCoLC)ocn150366050
035 ## - SYSTEM CONTROL NUMBER
System control number (OCoLC)150366050
038 ## - RECORD CONTENT LICENSOR
Staff Name Khadija
040 ## - CATALOGING SOURCE
Original cataloging agency DLC
Transcribing agency DLC
Modifying agency BTCTA
-- BAKER
-- OHX
-- YDXCP
-- C#P
-- BWX
-- CDX
-- DLC
050 00 - LIBRARY OF CONGRESS CALL NUMBER
Classification number TA403
Item number .F523 2012
082 00 - DEWEY DECIMAL CLASSIFICATION NUMBER
Classification number 620.11
Edition number 22
Author Mark FIS
100 1# - MAIN ENTRY--PERSONAL NAME
Personal name Fischer, Traugott E.
9 (RLIN) 82917
245 10 - TITLE STATEMENT
Title Materials science for engineering students /
Statement of responsibility, etc. Traugott Fischer.
260 ## - PUBLICATION, DISTRIBUTION, ETC.
Place of publication, distribution, etc. Amsterdam ;
-- Burlington, MA :
Name of publisher, distributor, etc. Elsevier/Academic Press,
Date of publication, distribution, etc. c2012.
300 ## - PHYSICAL DESCRIPTION
Extent xiv, 581 p. :
Other physical details ill. (some col.) ;
Dimensions 25 cm.
504 ## - BIBLIOGRAPHY, ETC. NOTE
Bibliography, etc. note Includes bibliographical references and index.
563 ## - BINDING INFORMATION
Binding note PB
650 #0 - SUBJECT ADDED ENTRY--TOPICAL TERM
Topical term or geographic name entry element Materials science
Form subdivision Textbooks.
9 (RLIN) 82918
856 41 - ELECTRONIC LOCATION AND ACCESS
Materials specified Table of contents only
Uniform Resource Identifier <a href="http://www.loc.gov/catdir/toc/ecip0828/2008041352.html">http://www.loc.gov/catdir/toc/ecip0828/2008041352.html</a>
906 ## - LOCAL DATA ELEMENT F, LDF (RLIN)
a 7
b cbc
c orignew
d 1
e ecip
f 20
g y-gencatlg
942 ## - ADDED ENTRY ELEMENTS (KOHA)
Source of classification or shelving scheme
Koha item type Book
Holdings
Withdrawn status Lost status Source of classification or shelving scheme Damaged status Not for loan Permanent Location Current Location Shelving location Date acquired Full call number Barcode Date last seen Price effective from Koha item type Public note
          School of Mechanical & Manufacturing Engineering (SMME) School of Mechanical & Manufacturing Engineering (SMME) General Stacks 05/05/2016 620.11 FIS SMME-2655 04/05/2018 05/05/2016 Book Rack,40-Shelf,2
© 2023 Central Library, National University of Sciences and Technology. All Rights Reserved.